Formula E Race Winners - Statistics

General Stats
  • This quiz has been taken 107 times
    7 since last reset
  • The average score is 20 of 25
Answer Stats
Wins Driver Country % Correct
14 António Félix da Costa Portugal
100%
13 Lucas di Grassi Brazil
100%
16 Mitch Evans New Zealand
100%
2 Nelson Piquet Jr. Brazil
100%
1 Norman Nato France
100%
5 Nyck de Vries The Netherlands
100%
12 Sam Bird United Kingdom
100%
14 Sébastien Buemi Switzerland
100%
4 Stoffel Vandoorne Belgium
100%
1 Dan Ticktum United Kingdom
80%
6 Edoardo Mortara Switzerland
80%
11 Jean-Éric Vergne France
80%
12 Nick Cassidy New Zealand
80%
3 Nicolas Prost France
80%
9 Pascal Wehrlein Germany
80%
1 Alexander Sims United Kingdom
60%
1 Alex Lynn United Kingdom
60%
2 Daniel Abt Germany
60%
7 Jake Dennis United Kingdom
60%
3 Jérôme d'Ambrosio Belgium
60%
7 Maximilian Günther Germany
60%
1 Nico Müller Switzerland
60%
8 Oliver Rowland United Kingdom
60%
2 Robin Frijns The Netherlands
60%
3 Felix Rosenqvist Sweden
40%
No matching quizzes found
Score Distribution
Percent of People with Each Score
Percentile by Number Answered
Your Score History
You have not taken this quiz since the last reset